Compendio de historia general de México /

Breve compendio de historia de México, actualizado hasta el año de 1896 y escrito por el político veracruzano Julio Zárate (1844-1917). Autor del tomo tercero de "México a través de los siglos", Zárate dirigió este compendio a la enseñanza de la historia de México y lo estructuró en tres épocas: la...

Descripció completa

Guardat en:
Dades bibliogràfiques
Autor principal: Zárate, Julio (autor)
Format: Llibre
Idioma:espanyol
Publicat: París, Francia : Librería de la Viuda de Ch. Bouret, 1901, c1901
Edició:Nueva ed.
Matèries:
Etiquetes: Afegir etiqueta
Sense etiquetes, Sigues el primer a etiquetar aquest registre!

MARC

LEADER 00000nam^a2200000^a^4500
001 000380843
005 20250526000000.0
009 20260310120624.763
037 |a Acervo ITESO - Biblioteca 
041 |a ESP 
082 |a 972.  |b ZAR 
100 |a Zárate, Julio  |e (autor) 
245 1 0 |a Compendio de historia general de México /  |c J. Zárate. 
250 |a Nueva ed.  |b corr. 
264 4 |a París, Francia :  |b Librería de la Viuda de Ch. Bouret,  |c 1901, c1901 
300 |a 323 p. ;  |c 18.0 cm. 
336 |a texto  |b txt  |2 rdacontenido 
337 |a sin mediación  |b n  |2 rdamedio 
338 |a volumen  |b nc  |2 rdasoporte 
520 |a Breve compendio de historia de México, actualizado hasta el año de 1896 y escrito por el político veracruzano Julio Zárate (1844-1917). Autor del tomo tercero de "México a través de los siglos", Zárate dirigió este compendio a la enseñanza de la historia de México y lo estructuró en tres épocas: la prehispánica, la dominación española (1521-1821) y el México independiente (1821-1896). 
561 |a Ex libris manuscrito de Jesús Méndez 
649 |a XX 
650 |a Chichimecas -  |x Historia 
650 |a Aztecas -  |x Historia 
650 |a México -  |x Historia -  |x Tema Principal 
910 |a Fondo Jesús Rodríguez 
920 |a Impresos - Libros 
930 |a Libros Antiguos y Raros 
905 |a 108 
901 |a 0500042177  |b IT2  |c LRA  |u 20250526 
902 |a https://opac.biblio.iteso.mx/vufind/Record/000380843